|
|
|
|
| LEADER |
01490nem a2200421 a 4500 |
| 001 |
17594 |
| 003 |
BD-DhAAL |
| 005 |
20140610121203.0 |
| 007 |
ad canzn |
| 008 |
140610s2000 nyu e 1 eng |
| 010 |
|
|
|a 00030047
|
| 020 |
|
|
|a 0140513744
|
| 020 |
|
|
|a 0670100080
|
| 034 |
0 |
|
|a a
|
| 040 |
|
|
|a DLC
|c DLC
|d DLC
|d BD-DhAAL
|
| 042 |
|
|
|a pcc
|
| 050 |
0 |
0 |
|a G1046.E1
|b S4 2000
|
| 052 |
|
|
|a 3201
|
| 072 |
|
7 |
|a E1
|2 lcg
|
| 082 |
0 |
0 |
|a 305.4/2/0223
|2 21
|
| 100 |
1 |
|
|a Seager, Joni.
|9 4886
|
| 245 |
1 |
4 |
|a The state of women in the world atlas /
|c Joni Seager.
|
| 250 |
|
|
|a New rev. 2nd ed.
|
| 255 |
|
|
|a Scale not given.
|
| 260 |
|
|
|a New York :
|b Penguin Reference,
|c 2000.
|
| 300 |
|
|
|a 1 atlas (128 p.) :
|b col. ill., col. maps,
|c 25 cm.
|
| 490 |
1 |
|
|a Penguin reference
|
| 500 |
|
|
|a Rev. ed. of: Women in the world : an international atlas.
|
| 500 |
|
|
|a "Maps created by Angela Wilson with Joan Jarrett"--t.p. verso.
|
| 504 |
|
|
|a Includes bibliographical references and index.
|
| 541 |
|
|
|e 17594
|
| 650 |
|
0 |
|a Women
|x Social conditions
|v Maps.
|9 4887
|
| 650 |
|
0 |
|a Women
|x Economic conditions
|v Maps.
|9 4888
|
| 700 |
1 |
|
|a Seager, Joni.
|t Women in the world.
|9 4889
|
| 830 |
|
0 |
|a Penguin reference books.
|9 4890
|
| 942 |
|
|
|2 ddc
|c BK
|
| 999 |
|
|
|c 14420
|d 14420
|
| 952 |
|
|
|0 0
|1 0
|2 ddc
|4 0
|6 305_420223000000000_SEA
|7 0
|9 24421
|a BRACUL
|b BRACUL
|c GEN
|d 2014-06-10
|l 0
|o 305.420223 SEA
|p 3010017594
|r 2014-06-10
|t 1
|w 2014-06-10
|y BK
|x Transferred from ENH to Ayesha Abed library on 20/12/2023
|